Guess the Taylor Swift Song (no hints) 172 - Statistics

General Stats
  • This quiz has been taken 65 times
  • The average score is 242 of 378
Answer Stats
Answer % Correct
I
100%
the
97%
a
95%
you
92%
in
89%
love
87%
where
87%
and
84%
And
84%
be
84%
me
84%
me?
84%
to
84%
your
84%
if
82%
know
82%
my
82%
of
82%
don't
79%
I'm
79%
is
79%
What
79%
It's
76%
all
74%
All
74%
at
74%
'cause
74%
I'll
74%
no
74%
say
71%
but
68%
day
68%
I've
68%
like
68%
back
66%
just
66%
mind
66%
night,
66%
night
66%
one
66%
wanna
66%
every
63%
got
63%
up
63%
nothing
61%
or
61%
see
61%
Baby,
58%
baby,
58%
Been
58%
been
58%
eyes
58%
oh,
58%
thing
58%
life
55%
lost
55%
tell
55%
come
53%
forever,
53%
home
53%
you'd
53%
feel
50%
keep
50%
something,
50%
Give
47%
happening
47%
live
47%
name
47%
open
47%
living
45%
call
42%
dodged
42%
gave
42%
Now
42%
these
42%
wide
42%
babe)
39%
bullet
39%
calling
39%
crazy,
39%
crazy
39%
place
39%
sitting
39%
stuck
39%
there's
39%
until
39%
Until
39%
vain
39%
Wondering
39%
hoping
37%
looking
37%
around
34%
cruel
32%
'em
32%
existence
32%
fit
32%
(fit,
32%
places
32%
wherever
32%
(wherever)
32%
faces
29%
nicest
29%
sad
26%
empty
24%
point
24%
behind
21%
four
21%
walls,
21%
cab,
18%
No matching quizzes found
Score Distribution
Percent of People with Each Score
Percentile by Number Answered
Your Score History
You have not taken this quiz